书目信息 |
| 题名: |
建筑物下采煤理论与实践
|
|
| 作者: | 谭志祥 , 邓喀中 著 | |
| 分册: | ||
| 出版信息: | 徐州 中国矿业大学出版社 2009.12 |
|
| 页数: | 197页 | |
| 开本: | 26cm | |
| 丛书名: | ||
| 单 册: | ||
| 中图分类: | TD823.83 | |
| 科图分类: | ||
| 主题词: | 建筑物下采煤--jian zhu wu xia cai mei | |
| 电子资源: | ||
| ISBN: | 978-7-5646-0332-8 | |
| 000 | 00913nam0 2200253 450 | |
| 001 | 012010193218 | |
| 005 | 20100415102040.75 | |
| 010 | @a978-7-5646-0332-8@dCNY40.00 | |
| 100 | @a20100415d2009 em y0chiy0120 ea | |
| 101 | 0 | @achi |
| 102 | @aCN@b320000 | |
| 105 | @aak a 000yy | |
| 106 | @ar | |
| 200 | 1 | @a建筑物下采煤理论与实践@Ajian zhu wu xia cai mei li lun yu shi jian@f谭志祥, 邓喀中著@Ftan zhi xiang,deng ka zhong zhu |
| 210 | @a徐州@c中国矿业大学出版社@d2009.12 | |
| 215 | @a197页@c图@d26cm | |
| 320 | @a有书目 (第194-197页) | |
| 330 | @a本书内容包括:建筑物下采煤技术研究现状、地表移动变形规律研究、采动区建筑物移动变形特性研究、采动区建筑物破坏规律实测研究等。 | |
| 606 | 0 | @a建筑物下采煤@Ajian zhu wu xia cai mei |
| 690 | @aTD823.83@v4 | |
| 701 | 0 | @a谭志祥@Atan zhi xiang@4著 |
| 701 | 0 | @a邓喀中@Adeng ka zhong@4著 |
| 801 | 0 | @aCN@bQSSK@c20100415 |
| 905 | @b778277-79@dTD823.83@eT147@f3 | |
| 建筑物下采煤理论与实践/谭志祥, 邓喀中著.-徐州:中国矿业大学出版社,2009.12 |
| 197页:图;26cm |
| ISBN 978-7-5646-0332-8:CNY40.00 |
| 本书内容包括:建筑物下采煤技术研究现状、地表移动变形规律研究、采动区建筑物移动变形特性研究、采动区建筑物破坏规律实测研究等。 |
| ● |
| 相关链接 |
|
|
|
正题名:建筑物下采煤理论与实践
索取号:TD823.83/T147
 
预约/预借
| 序号 | 登录号 | 条形码 | 馆藏地/架位号 | 状态 | 备注 |
| 1 | 778277 | 207782773 | 自科库501/501自科库 21排4列5层/ [索取号:TD823.83/T147] | 在馆 | |
| 2 | 778278 | 207782782 | 期刊室512/501自科库 21排4列5层/ [索取号:TD823.83/T147] | 在馆 | |
| 3 | 778279 | 207782791 | 自科二线504/504自科库 41排6列2层/ [索取号:TD823.83/T147] | 在馆 |